<?xml version="1.0" encoding="UTF-8"?><?xml-stylesheet type="text/xsl" href="static/style.xsl"?><OAI-PMH xmlns="http://www.openarchives.org/OAI/2.0/" xmlns:xsi="http://www.w3.org/2001/XMLSchema-instance" xsi:schemaLocation="http://www.openarchives.org/OAI/2.0/ http://www.openarchives.org/OAI/2.0/OAI-PMH.xsd"><responseDate>2026-04-27T19:58:47Z</responseDate><request verb="GetRecord" identifier="oai:uvadoc.uva.es:10324/32025" metadataPrefix="marc">https://uvadoc.uva.es/oai/request</request><GetRecord><record><header><identifier>oai:uvadoc.uva.es:10324/32025</identifier><datestamp>2025-01-29T08:42:28Z</datestamp><setSpec>com_10324_30605</setSpec><setSpec>com_10324_894</setSpec><setSpec>col_10324_41</setSpec></header><metadata><record xmlns="http://www.loc.gov/MARC21/slim" xmlns:doc="http://www.lyncode.com/xoai" xmlns:xsi="http://www.w3.org/2001/XMLSchema-instance" xmlns:dcterms="http://purl.org/dc/terms/" xsi:schemaLocation="http://www.loc.gov/MARC21/slim http://www.loc.gov/standards/marcxml/schema/MARC21slim.xsd">
<leader>00925njm 22002777a 4500</leader>
<datafield tag="042" ind1=" " ind2=" ">
<subfield code="a">dc</subfield>
</datafield>
<datafield tag="720" ind1=" " ind2=" ">
<subfield code="a">Galán de la Calle, Jesús</subfield>
<subfield code="e">author</subfield>
</datafield>
<datafield tag="260" ind1=" " ind2=" ">
<subfield code="c">2017</subfield>
</datafield>
<datafield tag="520" ind1=" " ind2=" ">
<subfield code="a">El cuadro de epicondilalgia supone una patología frecuente en la práctica clínica habitual dentro de la especialidad de Medicina Física y Rehabilitación. La causa de la epicondilitis es una inflamación de las inserciones musculares en el epicóndilo del codo que generalmente se relaciona con el sobreuso o con un traumatismo directo sobre la zona.&#xd;
&#xd;
Actualmente no existe un consenso definido en el manejo terapéutico de las epicondilitis, es por ello el motivo de realizar este estudio en el que empleamos las ondas de choque extracorpóreas, la combinación de onda corta y el láser y por último la infiltración corticoanestésica, con el objetivo de valorar el impacto de cada una de estas intervenciones terapéuticas desde el punto de vista analgésico y funcional. &#xd;
&#xd;
Se lleva a cabo un ensayo clínico aleatorizado no controlado en grupos paralelos de intervención terapéutica con análisis de superioridad, por intención de tratar y de medidas de eficacia.&#xd;
&#xd;
Se aleatorizan 90 pacientes equitativamente en los tres grupos de tratamiento y tras una valoración inicial basada principalmente en registrar variables sociodemográficas y medir las puntuaciones de la escala visual analógica (EVA) y el Patient Rated Tennis Elbow Evaluation (PRTEE) se aplica el tratamiento y se realiza un seguimiento tras uno, dos y tres meses del mismo.</subfield>
</datafield>
<datafield tag="024" ind2=" " ind1="8">
<subfield code="a">http://uvadoc.uva.es/handle/10324/32025</subfield>
</datafield>
<datafield tag="024" ind2=" " ind1="8">
<subfield code="a">b1796685</subfield>
</datafield>
<datafield tag="024" ind2=" " ind1="8">
<subfield code="a">10.35376/10324/32025</subfield>
</datafield>
<datafield ind1=" " ind2=" " tag="653">
<subfield code="a">Epicondilitis-Tratamiento</subfield>
</datafield>
<datafield tag="245" ind1="0" ind2="0">
<subfield code="a">Efectividad de las ondas de choque, del láser y la onda corta y de la infiltración corticoanestésica en el tratamiento de la epicondilalgia</subfield>
</datafield>
</record></metadata></record></GetRecord></OAI-PMH>